| Tag |
First Indicator |
Second Indicator |
Subfields |
| LEADER |
00000cam a2200000 4500 |
| 001 |
in00000023519 |
| 005 |
20151007064452.0 |
| 008 |
721109r1965 nyu b 00000 eng u |
| 010 |
|
|
|a 65019875
|
| 035 |
|
|
|a (OCoLC)00491430
|
| 035 |
|
|
|9 AAD9900AM
|
| 040 |
|
|
|c WSU
|d TXA
|d UtOrBLW
|
| 049 |
|
|
|a TXAM
|c [458493]
|
| 050 |
|
0 |
|a GT3243
|b .G6 1965a
|
| 090 |
|
|
|a GT3243
|b .G6 1965
|
| 092 |
|
|
|a 393
|b G666d
|
| 100 |
1 |
|
|a Gorer, Geoffrey,
|d 1905-
|
| 245 |
1 |
0 |
|a Death, grief, and mourning.
|
| 250 |
|
|
|a [1st ed.].
|
| 264 |
|
1 |
|a Garden City, N.Y. :
|b Doubleday,
|c 1965.
|
| 300 |
|
|
|a xxxiv, 205 pages ;
|c 22 cm.
|
| 336 |
|
|
|a text
|b txt
|2 rdacontent
|
| 337 |
|
|
|a unmediated
|b n
|2 rdamedia
|
| 338 |
|
|
|a volume
|b nc
|2 rdacarrier
|
| 504 |
|
|
|a Bibliography: pages [200]-201.
|
| 650 |
|
0 |
|a Funeral rites and ceremonies
|z Great Britain.
|
| 650 |
|
0 |
|a Mourning customs.
|
| 999 |
|
|
|a MARS
|
| 999 |
f |
f |
|s 3f38f0c8-c2cc-388e-b3c9-77fbc12bbaca
|i 7da7328e-c54f-3447-b505-e7d5e77ae88a
|t 0
|
| 952 |
f |
f |
|p normal
|a Texas A&M University
|b College Station
|c Sterling C. Evans Library
|d Evans: Library Stacks
|t 0
|e GT3243 .G6 1965
|h Library of Congress classification
|i unmediated -- volume
|m A14800885017
|
| 998 |
f |
f |
|a GT3243 .G6 1965
|t 0
|l Evans: Library Stacks
|